The assessment of child and adolescent personality
| Contributors: | |
|---|---|
| Format: | Print Book |
| Language: | English |
| Published: |
New York, NY [u.a.]
Guilford Pr.
1986
|
| In: | Year: 1986 |
| Online Access: |
Contributor biographical information Publisher description Sample text Table of contents |
| Availability in Tübingen: | Present in Tübingen. UB: KB 18 A 1268 |
| Check availability: | HBZ Gateway |
| Subito Delivery Service: | Order now. |
| Keywords: |
MARC
| LEADER | 00000cam a2200000 c 4500 | ||
|---|---|---|---|
| 001 | 273916394 | ||
| 003 | DE-627 | ||
| 005 | 20251222212540.0 | ||
| 007 | tu | ||
| 008 | 870703s1986 xxu||||| 00| ||eng c | ||
| 020 | |a 0898626684 |9 0-89862-668-4 | ||
| 035 | |a (DE-627)273916394 | ||
| 035 | |a (DE-576)012913030 | ||
| 035 | |a (DE-599)GBV273916394 | ||
| 035 | |a (OCoLC)246894866 | ||
| 035 | |a (OCoLC)13123323 | ||
| 040 | |a DE-627 |b ger |c DE-627 |e rakwb | ||
| 041 | |a eng | ||
| 044 | |c XD-US | ||
| 050 | 0 | |a RJ503.7.P47 | |
| 060 | 0 | |a WS 105.5.P3 A846 | |
| 082 | 0 | |a 155.4 | |
| 084 | |a CS 2500 |2 rvk |0 (DE-625)rvk/19041: | ||
| 245 | 0 | 4 | |a The assessment of child and adolescent personality |c ed. by Howard M. Knoff |
| 264 | 1 | |a New York, NY [u.a.] |b Guilford Pr. |c 1986 | |
| 300 | |a XVIII, 686 S. |b Ill., graph. Darst. | ||
| 336 | |a Text |b txt |2 rdacontent | ||
| 337 | |a ohne Hilfsmittel zu benutzen |b n |2 rdamedia | ||
| 338 | |a Band |b nc |2 rdacarrier | ||
| 583 | 1 | |a Archivierung prüfen |c 20200919 |f DE-640 |z 3 |2 pdager | |
| 650 | 0 | |a Personality assessment of children | |
| 650 | 0 | |a Personality assessment of teenagers | |
| 650 | 2 | |a Personality Assessment |x in adolescence | |
| 650 | 2 | |a Personality Assessment |x in infancy & childhood | |
| 650 | 2 | |a Personality Development | |
| 650 | 4 | |a Messung | |
| 650 | 4 | |a Adoleszenz | |
| 650 | 4 | |a Persönlichkeitstest | |
| 650 | 4 | |a Persönlichkeitsforschung | |
| 650 | 4 | |a Diagnostik | |
| 650 | 4 | |a Psychometrie | |
| 650 | 4 | |a Projektives Testverfahren | |
| 650 | 4 | |a Psychotherapie | |
| 700 | 1 | |a Knoff, Howard M. |e Hrsg. |4 edt | |
| 856 | 4 | 2 | |u http://www.loc.gov/catdir/bios/guilford051/85030585.html |x Verlag |y Contributor biographical information |7 1 |
| 856 | 4 | 2 | |u http://www.loc.gov/catdir/description/guilford051/85030585.html |x Verlag |y Publisher description |7 1 |
| 856 | 4 | 2 | |u http://www.loc.gov/catdir/toc/guilford041/85030585.html |x Verlag |y Table of contents |7 1 |
| 856 | 4 | 2 | |u http://www.loc.gov/catdir/enhancements/fy0651/85030585-s.html |x Verlag |y Sample text |7 1 |
| 935 | |i Blocktest | ||
| 936 | r | v | |a CS 2500 |b Projektive Methoden (incl. Theorie der projektiven Methoden) |k Psychologie |k Diagnostik |k Projektive Methoden (incl. Theorie der projektiven Methoden) |0 (DE-627)127152855X |0 (DE-625)rvk/19041: |0 (DE-576)20152855X |
| 951 | |a BO | ||
| ELC | |b 1 | ||
| LOK | |0 000 xxxxxcx a22 zn 4500 | ||
| LOK | |0 001 3264141558 | ||
| LOK | |0 003 DE-627 | ||
| LOK | |0 004 273916394 | ||
| LOK | |0 005 19960712000000 | ||
| LOK | |0 008 900629||||||||||||||||ger||||||| | ||
| LOK | |0 040 |a DE-21 |c DE-627 |d DE-21 | ||
| LOK | |0 852 |a DE-21 | ||
| LOK | |0 852 1 |c KB 18 A 1268 |9 00 | ||
| LOK | |0 935 |a krim | ||
| LOK | |0 936ln |a k1 | ||
| LOK | |0 939 |a 29-06-90 |b l01 | ||
| ORI | |a SA-MARC-krimdoka001.raw | ||
| SIG | |a UB: KB 18 A 1268 | ||
